书目信息 |
| 题名: |
任汝芬教授考研政治
|
|
| 作者: | 任汝芬 主编 | |
| 分册: | ||
| 出版信息: | 西安 西安交通大学出版社 2003 |
|
| 页数: | 152页 | |
| 开本: | 26cm | |
| 丛书名: | 2004年全国硕士研究生入学考试政治理论复习指导序列 | |
| 单 册: | ||
| 中图分类: | D0 | |
| 科图分类: | ||
| 主题词: | 政治理论 | |
| 电子资源: | ||
| ISBN: | 7-5605-1710-2 | |
| 000 | 00802nam0 2200229 450 | |
| 001 | 0658191483 | |
| 005 | 20070715152715.04 | |
| 010 | @a7-5605-1710-2@dCNY17.00 | |
| 100 | @a20060929d2003 km y0chiy0120 ea | |
| 101 | 0 | @achi |
| 102 | @aCN@b610000 | |
| 200 | 1 | @a任汝芬教授考研政治@e形势与政策及最后冲刺@Aren ru fen jiao shou kao yan zheng zhi@f任汝芬主编@Fren ru fen zhu bian |
| 210 | @a西安@c西安交通大学出版社@d2003 | |
| 215 | @a152页@d26cm | |
| 225 | 2 | @a2004年全国硕士研究生入学考试政治理论复习指导序列@h三 |
| 410 | 0 | @12001 @a2004年全国硕士研究生入学考试政治理论复习指导序列 |
| 517 | 1 | @a形势与政策及最后冲刺@Axing shi yu zheng ce ji zui hou chong ci |
| 606 | 0 | @a政治理论 |
| 690 | @aD0@v3 | |
| 701 | 0 | @a任汝芬@Aren ru fen@4主编 |
| 801 | 0 | @aCN@bNISOFT@c20070715 |
| 905 | @a10447@dD0@e139:3 | |
| 任汝芬教授考研政治:形势与政策及最后冲刺/任汝芬主编.-西安:西安交通大学出版社,2003 |
| 152页;26cm.-(2004年全国硕士研究生入学考试政治理论复习指导序列.三) |
| ISBN 7-5605-1710-2:CNY17.00 |
| ● |
| 相关链接 |
|
|
|
|
正题名:任汝芬教授考研政治
索取号:D0/139:3
 
预约/预借
| 序号 | 登录号 | 条形码 | 馆藏地/架位号 | 状态 | 备注 |
| 1 | 0493924 | 204939246 | 密集书库/ [索取号:D0/139:3] | 在馆 | |
| 2 | 0504108 | 205041088 | 密集书库/ [索取号:D0/139:3] | 在馆 | |
| 3 | 0778239 | 207782390 | 密集书库/ [索取号:D0/139:3] | 在馆 |